00635nam a2200217Ia 4500008004000000041000800040082001200048100002400060245004300084260003200127300001100159650001300170650000700183650001100190650001500201650001300216690002200229906001100251999001900262952013600281210210b1964 xxu||||| |||| 00| 0 eng d aeng a320/270 aIRISH (Marian D) Ed aContinuing crisis in American politics aNew DelhibM Sundaramc1964 aix,174 apolitics ain acrisis aContinuing aAmerican aPolitical Science a002018 c118075d118075 001040708Political ScienceaALbALcPolitical Scienced2021-02-17g0.00l0o320/270p002018r2021-02-17 00:00:00w2021-02-17yBK